Music Quiz

Random Music or Song Quiz

Song Title Overlaps IV Quiz Stats

 Plays Quiz Updated May 2, 2018

Challenge
Share
Tweet
Embed
Score 0/24 Timer 04:00
2 Plays Today
Song Title 1 Overlapping Word % Correct
All Summer...Long
96.5%
Now or...Never
95.8%
Smoke on the...Water
95%
Get the Party...Started
94.9%
Smells Like Teen...Spirit
94.8%
Hit the Road...Jack
94.7%
Suit &...Tie
94.3%
Young, Wild, &...Free
92.7%
Tossin' &...Turnin'
92.4%
Dude (Looks Like a...Lady
92.2%
Wild Wild...West
91.3%
I'm Too...Sexy
91.3%
Song Title 1 Overlapping Word % Correct
Gangsta's...Paradise
89.3%
Shake, Rattle &...Roll
88.2%
Rolling in the...Deep
87.9%
Peppermint...Twist
87.6%
Ticket to...Ride
87.5%
Sit Still, Look...Pretty
87.5%
Drown in My Own...Tears
86.4%
Wake Up...Call
84.9%
Sweet Little...Sixteen
71.7%
Don’t Stop the...Party
66.5%
This Is Why I'm...Hot
63.5%
Chained to the...Rhythm
53.4%

You're not logged in!

Compare scores with friends on all Sporcle quizzes.
Join for Free
OR
Log In

You Might Also Like...

Show Comments

Extras

Top Quizzes Today


Score Distribution

Your Account Isn't Verified!

In order to create a playlist on Sporcle, you need to verify the email address you used during registration. Go to your Sporcle Settings to finish the process.

Report this User

Report this user for behavior that violates our Community Guidelines.

Details: